|
|
|
|
| LEADER |
00000nam0a2200000 4500 |
| 001 |
210189 |
| 005 |
20231101225610.0 |
| 010 |
|
|
|a 9785977601184
|
| 035 |
|
|
|a (RuTPU)RU\TPU\book\229571
|
| 035 |
|
|
|a RU\TPU\book\128593
|
| 090 |
|
|
|a 210189
|
| 100 |
|
|
|a 20070619d2012 m y0rusy50 ca
|
| 101 |
0 |
|
|a rus
|
| 102 |
|
|
|a RU
|
| 105 |
|
|
|a y j 001zy
|
| 200 |
1 |
|
|a Институциональная экономика
|e учебное пособие
|f И. И. Агапова
|
| 210 |
|
|
|a Москва
|c Магистр
|d 2012
|
| 215 |
|
|
|a 269 с.
|
| 320 |
|
|
|a Рекомендуемая литература: с. 267-269.
|
| 330 |
|
|
|a В учебном пособии рассмотрены основные подходы институциональной теории к изучению экономической реальности. Проанализированы роль и значение институтов. Обращено внимание на принципиальное различие взглядов представителей традиционного институционализма и неоинституциональной экономической теории. Особый акцент сделан на рассмотрении теорий прав собственности, трансакционных издержек и теории контрактов, имеющих ключевое значение как для анализа различных типов экономических оранизаций, так и при изучении роли и функций государства, атакже причин и механизмов институциональных изменений. Представленное в форме лекций, пособие отличается хорошим стилем изложения материала, что, безусловно, облегчит его усвоение.Предназначено для студентов экономических специальностей.
|
| 606 |
1 |
|
|a Институциональная экономика
|x Теория
|2 stltpush
|3 (RuTPU)RU\TPU\subj\58918
|9 76601
|
| 610 |
1 |
|
|a экономика
|
| 610 |
1 |
|
|a экономические теории
|
| 610 |
1 |
|
|a экономические системы
|
| 610 |
1 |
|
|a институциональный анализ
|
| 610 |
1 |
|
|a собственность
|
| 610 |
1 |
|
|a права
|
| 610 |
1 |
|
|a трансакционные издержки
|
| 610 |
1 |
|
|a контракты
|
| 610 |
1 |
|
|a фирмы
|
| 610 |
1 |
|
|a государство
|
| 610 |
1 |
|
|a институциональные изменения
|
| 610 |
1 |
|
|a неформальная институционализация
|
| 610 |
1 |
|
|a учебные пособия
|
| 686 |
|
|
|a У011я73
|v LBC/SL-A
|2 rubbk
|
| 700 |
|
1 |
|a Агапова
|b И. И.
|g Ирина Ивановна
|
| 801 |
|
1 |
|a RU
|b 63413507
|c 20120220
|
| 801 |
|
2 |
|a RU
|b 63413507
|c 20140729
|g RCR
|
| 900 |
|
|
|a Институциональная экономика
|
| 942 |
|
|
|c BK
|
| 959 |
|
|
|a 32/20120220
|d 2
|e 239,90
|f ЧЗГЛ:1
|f АНЛ:1
|
| 959 |
|
|
|a 149/20121107
|d 5
|e 239,90
|f УФ:5
|